000 00585nam a22002177a 4500
003 UA-OsUOA
001 107916
007 ta
008 20140923b un ||||| |||| 00| 0 ukr d
100 _aВахванен П.
090 _a32
_bВ22
942 _cSA
040 _aUA-OsUOA
_bukr
_cUA-OsUOA
_dUA-OsUOA
245 _aВійськове втручання Росії в українські події лише доводить її слабкість
300 _aС.9
955 _a0
041 _aukr
080 _a32
773 0 _w107915
650 7 _a32 Політика
_2UDC
999 _c394050
_d394050